1619 1065 1756 1041 1515 1585 1327 1404 1168 1012 1828 1953 1038 1012 1827 1068 1226 1618 1184 1262 1976 1961 1032 1163 1808 1415 1167 1945 1994 1265 1714 1265 1468 1922 1542 1353 1029 1821 1679 1263 1160 1122 1046 1534 1024 1860 1133 1678 1008 1254 1783 1069 1922 1875 1875 1086 1817 1362 1274 1903 1696 1036 1889 1430 1313 1448 1292 1909 1409 1814 1922 1318 1107 1602 1577 1681 1268 1101 1432 1053 1217 1842 1019 1724 1534 1712 1437 1194 1711 1927 1302 1561 1325 1726 1194 1503 1281 1921 1094 BCNSPRNW ULIB Ver.6.0+V

เปลี่ยนเป็นภาษาไทย

Change to English
 แสดงรายละเอียดบรรณานุกรม
  กลับหน้าหลัก

Brief Record : Get Marc (ISO 2709) : E-mail record : QR code < ปิดหน้าต่าง
LEADER : 00000nam 2200000uu 4500
001    13399114885
003     ULIB
008    120613s2546||||th 000 0 tha d
020    ^a9744652748
060 04 ^aWA546^bก111น 2546
110 1  ^aกระทรวงสาธารณสุข^bกรมสนับสนุนบริการสุขภาพ.
245 10 ^aแนวปฏิบัติบริการสุขภาพสำหรับศูนย์สุขภาพชุมชนแบบบูรณาการ /^cกรมสนับสนุนบริการสุขภาพ.
260    ^aนนทบุรี:^bกรมสนับสนุนบริการสุขภาพ,^c2546
300    ^a36 หน้า ;^c30 ซม.
650  7 ^aนโยบายด้านสุขภาพ
650  7 ^aนโยบายด้านสาธารณสุข
650  7 ^aศูนย์สุขภาพชุมชน
945    ^p0^l0^i13009
995    ^aกัณชพร
999    ^aใช้งานได้ทุกระบบ
รายการนี้ยังไม่มีแท็ก
คุณยังไม่ได้ล็อกอิน คุณสามารถมีกิจกรรมร่วมกับเว็บไซต์ได้ แต่ต้องล็อกอินก่อน ::
  ล็อกอิน

รายการสื่อสารสนเทศ

ลำดับที่ ประเภท เลขเรียก/บาร์โค้ด สถานที่ สถานะ
- ไม่พบข้อมูล -

รายการใกล้เคียง
    หัวเรื่อง [นโยบายด้านสุขภาพ]
    หัวเรื่อง [นโยบายด้านสาธารณสุข]
    หัวเรื่อง [ศูนย์สุขภาพชุมชน]

BibComment


ยังไม่เคยถูกคอมเมนท์

คอมเมนท์ทรัพยากรรายการนี้
  คอมเมนท์: แนวปฏิบัติบริการ..


 Copyright 2026. Bcnsprnw @Library